00373nam a2200157Ia 45000010006000000050017000060080041000230410008000640820018000721000026000902450039001162600009001553000035001646500008001996540008002072263620260414150844.0260414t2014||||xx |||||||||||||| ||spa|| aESP a621.3822bV57 aVetterli, MartineAUT 0aFoundations of signal processingb c2014 axxvii, 715 páginas :c25 cm. aTCA aCET